000 00548nam a22002057a 4500
999 _c16771
_d16771
003 OSt
005 20180328122929.0
008 180328b xxu||||| |||| 00| 0 eng d
020 _a9350287196
040 _cKABU
050 _aKNS 810
_b.S56 2012 C.1
100 _aSingh, Avtar
245 _aContract Law:
_cAvtar Singh
260 _aLucknow:
_bEastern Book Company,
_c2012.
300 _axxiv, 279p.
650 _aContracts
_zIndia
650 _aBreach of Contract
_zindia
650 _aDischarge of contract
_zIndia
942 _2lcc
_cBK